00566 2200229 4500001002100000005001500021035002000036007000300056008004100059020002200100082001200122084001800134100001700152245005700169250001500226260003200241300001700273600001000290990001200300990001200312990001200324INLIS00000000000000620230627093900 a0010-0623000006ta230627 0  a978-979-428-528-2 a899.221 a899.221 MAN b0 aMangunwijaya1 aBurung-Burung Manyar :bSebuah Roman /cMangunwijaya aed 1 cet 1 aJakarta :bDjambatan,c2010 a319 ;c21 cm 4aNovel a17.0006 a17.0014 a17.0015